Dinosaures par images - Allosauroïdes - Statistiques

Statistiques générales
  • Ce quiz a été pris 25 fois
  • Le résultat moyen est 5 sur 30
Statistiques - réponses
Par images Réponse % Correct
Allosaurus
95%
Carcharodontosaurus
68%
Concavenator
63%
Giganotosaurus
53%
Metriacanthosaurus
47%
Acrocanthosaurus
42%
Tyrannotitan
26%
Mapusaurus
21%
Neovenator
16%
Siamraptor
16%
Yangchuanosaurus
16%
Eocarcharia
11%
Meraxes
11%
Shaochilong
11%
Siamotyrannus
11%
Sinraptor
11%
Asfaltovenator
5%
Erectopus
5%
Shidaisaurus
5%
Tameryraptor
5%
Taurovenator
5%
Alpkarakush
0%
Chilantaisaurus
0%
Kelmayisaurus
0%
Lajasvenator
0%
Lusovenator
0%
Poekilopleuron
0%
Ulughbegsaurus
0%
Veterupristisaurus
0%
Yuanmouraptor
0%
Aucun quiz correspondant
Distribution des résultats
% des personnes avec chaque résultat
Percentile par nombre de réponses
Votre historique - résultats
Vous n’avez pas pris ce quiz